[Event "Srpska Republic-chT 1st League"]
[Site "Banja Dvorovi"]
[Date "2018.08.09"]
[Round "6.5"]
[White "Elez, Sinisa"]
[Black "Gavric, Miladin"]
[Result "1/2-1/2"]
[WhiteElo "2066"]
[BlackElo "2368"]
[PlyCount "32"]
[EventDate "2018.08.04"]
[EventType "team-tourn"]
[EventRounds "9"]
[EventCountry "BIH"]
[SourceTitle "CBM 186 Extra"]
[Source "ChessBase"]
[SourceDate "2018.08.24"]
[SourceVersion "1"]
[SourceVersionDate "2018.08.24"]
[SourceQuality "1"]
[WhiteTeam "Dvorovi"]
[BlackTeam "Derventa"]
[WhiteTeamCountry "BIH"]
[BlackTeamCountry "BIH"]

1. e4 e6 2. d4 d5 3. Nc3 Bb4 4. e5 Ne7 5. a3 Bxc3+ 6. bxc3 c5 7. Nf3 b6 8. a4 Ba6 9. Bxa6 Nxa6 10. 0-0 Nb8 11. a5 Nd7 12. Bg5 cxd4 13. axb6 Qxb6 14. Bxe7 Kxe7 15. cxd4 h6 16. Qd3 Rhc8 1/2-1/2

[Event "BIH-chT 17th"]
[Site "Jahorina"]
[Date "2018.06.08"]
[Round "7.3"]
[White "Gavric, Miladin"]
[Black "Bogut, Zeljko"]
[Result "1/2-1/2"]
[WhiteElo "2375"]
[BlackElo "2417"]
[PlyCount "119"]
[EventDate "2018.06.02"]
[EventType "team-tourn"]
[EventRounds "9"]
[EventCountry "BIH"]
[SourceTitle "CBM 184 Extra"]
[Source "ChessBase"]
[SourceDate "2018.06.28"]
[SourceVersion "1"]
[SourceVersionDate "2018.06.28"]
[SourceQuality "1"]
[WhiteTeam "Gacko Mladost"]
[BlackTeam "Siroki Brijeg"]
[WhiteTeamCountry "BIH"]
[BlackTeamCountry "BIH"]

1. e4 c5 2. Nf3 Nc6 3. Nc3 a6 4. d4 cxd4 5. Nxd4 e6 6. Be2 Qc7 7. 0-0 Nf6 8. Kh1 b5 9. f4 b4 10. e5 bxc3 11. exf6 gxf6 12. bxc3 f5 13. Bf3 Bb7 14. Rb1 Na5 15. Qe2 Bxf3 16. Rxf3 Be7 17. Nb3 Nc4 18. Be3 Nxe3 19. Qxe3 Rc8 20. Rg3 Bf6 21. Nd4 Kf8 22. h3 h5 23. Rb4 h4 24. Rf3 Rg8 25. Qd3 Qa5 26. a4 d5 27. Nb3 Qd8 28. Qxa6 Bxc3 29. Rb6 Kg7 30. Rc6 Bf6 31. c4 dxc4 32. Qxc4 Qd1+ 33. Kh2 Rxc6 34. Qxc6 Qe2 35. Qc5 Rb8 36. a5 Rb5 37. Qc1 Rb4 38. Kh1 Bb2 39. Qg1 Qb5 40. Qd1 Qa4 41. g3 Rd4 42. Qg1 Re4 43. gxh4+ Kh7 44. Nc5 Bd4 45. Nxa4 Bxg1 46. Nc3 Re1 47. Kg2 Bc5 48. Rf1 Re3 49. Rc1 Bb4 50. a6 Bxc3 51. a7 Re2+ 52. Kf3 Ra2 53. Rxc3 Rxa7 54. Kg3 Kg7 55. Rb3 Ra4 56. Rc3 Rd4 57. Rb3 f6 58. Rb6 Rd3+ 59. Kg2 Re3 60. Ra6 1/2-1/2

[Event "BIH-chT 15th"]
[Site "Bihac"]
[Date "2016.07.16"]
[Round "1.1"]
[White "Kurajica, Bojan"]
[Black "Gavric, Miladin"]
[Result "1/2-1/2"]
[WhiteElo "2524"]
[BlackElo "2397"]
[PlyCount "25"]
[EventDate "2016.07.16"]
[EventType "team-tourn"]
[EventRounds "9"]
[EventCountry "BIH"]
[SourceTitle "CBM 173 Extra"]
[Source "ChessBase"]
[SourceDate "2016.08.29"]
[SourceVersion "1"]
[SourceVersionDate "2016.08.29"]
[SourceQuality "1"]
[WhiteTeam "Sarajevo Bosna"]
[BlackTeam "Srbac"]
[WhiteTeamCountry "BIH"]
[BlackTeamCountry "BIH"]

1. Nf3 Nf6 2. c4 g6 3. b3 Bg7 4. Bb2 d6 5. d4 0-0 6. g3 c5 7. Bg2 Qa5+ 8. Bc3 Qc7 9. 0-0 cxd4 10. Nxd4 Nc6 11. e4 Bg4 12. Qd2 a6 13. Na3 1/2-1/2

[Event "BIH-chT Seniors"]
[Site "Mosko"]
[Date "2015.08.17"]
[Round "8"]
[White "Gavric, Miladin"]
[Black "Popovic, Nenad"]
[Result "1-0"]
[WhiteElo "2394"]
[BlackElo "2273"]
[PlyCount "93"]
[EventDate "2015.08.10"]
[EventType "team-tourn"]
[EventRounds "9"]
[EventCountry "BIH"]
[SourceTitle "EXT 2016"]
[Source "ChessBase"]
[SourceDate "2015.10.08"]
[SourceVersion "1"]
[SourceVersionDate "2015.10.08"]
[SourceQuality "1"]

1. e4 c6 2. d4 d5 3. Nc3 dxe4 4. Nxe4 Nf6 5. Nxf6+ gxf6 6. c3 Bf5 7. Nf3 e6 8. g3 Qd5 9. Bg2 Qe4+ 10. Be3 Qc2 11. Nh4 Bd3 12. Qxc2 Bxc2 13. 0-0 Be7 14. Rac1 Bg6 15. c4 0-0 16. f4 f5 17. Nxg6 hxg6 18. d5 Rd8 19. Rfd1 Kf8 20. a3 Ke8 21. b4 Rd7 22. Rb1 a5 23. dxc6 Nxc6 24. Rxd7 Kxd7 25. b5 Nd8 26. c5 Rc8 27. Rc1 Kc7 28. a4 f6 29. Kf1 Kb8 30. Ke2 Rc7 31. c6 Ba3 32. Rd1 Nf7 33. Bb6 Re7 34. c7+ Rxc7 35. Bxc7+ Kxc7 36. Bxb7 Nd6 37. Bc6 e5 38. h4 Bc5 39. Rc1 Kb6 40. Bd5 Nc8 41. Bf7 Ne7 42. Kf3 e4+ 43. Ke2 Bd6 44. Rd1 Kc5 45. b6 g5 46. b7 Nc6 47. h5 1-0

[Event "BIH-chT Seniors"]
[Site "Mosko"]
[Date "2015.08.10"]
[Round "1"]
[White "Gavric, Miladin"]
[Black "Nikolic, Nebojsa"]
[Result "1/2-1/2"]
[WhiteElo "2394"]
[BlackElo "2380"]
[PlyCount "113"]
[EventDate "2015.08.10"]
[EventType "team-tourn"]
[EventRounds "9"]
[EventCountry "BIH"]
[SourceTitle "EXT 2016"]
[Source "ChessBase"]
[SourceDate "2015.10.08"]
[SourceVersion "1"]
[SourceVersionDate "2015.10.08"]
[SourceQuality "1"]

1. e4 c5 2. Nf3 Nc6 3. Bb5 d6 4. 0-0 Bd7 5. Re1 Nf6 6. c3 a6 7. Bf1 Bg4 8. h3 Bh5 9. d3 e6 10. Nbd2 Be7 11. a4 0-0 12. Be2 b5 13. Nf1 d5 14. Ng3 Bg6 15. Nh4 b4 16. Nxg6 hxg6 17. exd5 Nxd5 18. Bd2 Qc7 19. Qc2 Rfd8 20. Ne4 Rac8 21. Bf1 Na5 22. Red1 Rd7 23. g3 Qd8 24. h4 c4 25. dxc4 b3 26. Qc1 Nxc4 27. Be1 Qb6 28. Rd4 Ne5 29. Qd1 f5 30. Ng5 Bc5 31. Rd2 Ne3 32. Qe2 Rxd2 33. Bxd2 N3g4 34. Be1 Rd8 35. Bh3 Qd6 36. Kf1 Nh2+ 37. Kg2 Nhg4 38. Kf1 a5 39. Kg1 Kf8 40. Bxg4 fxg4 41. Kh2 Ke7 42. Qb5 Rh8 43. Qb7+ Nd7 44. Kg2 Rb8 45. Qe4 Qd5 46. c4 Qxe4+ 47. Nxe4 Bb4 48. c5 Ne5 49. Bc3 Bxc3 50. Nxc3 Nd3 51. c6 Rc8 52. Rd1 Nxb2 53. Rd7+ Ke8 54. Rb7 Rxc6 55. Rxb3 Nd3 56. Nd1 Rd6 57. Ne3 1/2-1/2

[Event "Srpska Republic-chT 1st League"]
[Site "Banja Vrucica"]
[Date "2014.08.14"]
[Round "6.2"]
[White "Radovanovic, Dusan"]
[Black "Gavric, Miladin"]
[Result "1-0"]
[WhiteElo "2385"]
[BlackElo "2391"]
[PlyCount "99"]
[EventDate "2014.08.09"]
[EventType "team-tourn"]
[EventRounds "9"]
[EventCountry "BIH"]
[SourceTitle "EXT 2016"]
[Source "ChessBase"]
[SourceDate "2015.10.08"]
[SourceVersion "1"]
[SourceVersionDate "2015.10.08"]
[SourceQuality "1"]
[WhiteTeam "Termag Gorski"]
[BlackTeam "Nova Topola"]
[WhiteTeamCountry "BIH"]
[BlackTeamCountry "BIH"]

1. e4 c5 2. Nf3 e6 3. d4 cxd4 4. Nxd4 Nf6 5. Nc3 Nc6 6. Ndb5 d6 7. Bf4 e5 8. Bg5 a6 9. Na3 b5 10. Nd5 Be7 11. Bxf6 Bxf6 12. c4 b4 13. Nc2 Rb8 14. b3 Bg5 15. g3 0-0 16. h4 Bh6 17. Bh3 Be6 18. Kf1 a5 19. Kg2 Bxd5 20. Qxd5 Ne7 21. Qd3 Qb6 22. Rad1 Rbd8 23. Rhf1 Qc5 24. Qe2 g6 25. f4 Qc6 26. f5 f6 27. Kh2 Kg7 28. Bg2 Qc5 29. Rd3 Kh8 30. fxg6 hxg6 31. h5 Bg5 32. hxg6 Kg7 33. Bh3 Rh8 34. Kg2 Rh6 35. Qg4 Rxg6 36. Qe2 Rh6 37. Rh1 Qc6 38. Be6 Rxh1 39. Kxh1 f5 40. Bxf5 Rh8+ 41. Kg1 Nxf5 42. Qg4 Qc5+ 43. Ne3 Kh6 44. Qxf5 Bxe3+ 45. Kg2 Rg8 46. Qf6+ Kh7 47. Rxd6 Qc8 48. Qh4+ Kg7 49. Qe7+ Kh8 50. Rd7 1-0

[Event "BIH-chT Cup"]
[Site "Banja Vrucica"]
[Date "2013.08.16"]
[Round "7"]
[White "Pandurevic, Miro"]
[Black "Gavric, Miladin"]
[Result "0-1"]
[WhiteElo "2284"]
[BlackElo "2403"]
[PlyCount "88"]
[EventDate "2013.08.10"]
[EventType "team-tourn"]
[EventRounds "9"]
[EventCountry "BIH"]
[SourceTitle "CBM 155 Extra"]
[Source "ChessBase"]
[SourceDate "2013.08.26"]
[SourceVersion "1"]
[SourceVersionDate "2013.08.26"]
[SourceQuality "1"]

1. Nf3 Nf6 2. g3 g6 3. Bg2 Bg7 4. 0-0 0-0 5. c4 d6 6. Nc3 Nc6 7. d4 Bg4 8. h3 Bxf3 9. Bxf3 Nd7 10. e3 e5 11. dxe5 Ndxe5 12. Be2 Re8 13. Qc2 a5 14. a3 h5 15. Bd2 Nd7 16. Rae1 Nc5 17. b3 a4 18. bxa4 Qd7 19. Kh2 Ra6 20. Nd5 Nxa4 21. Rb1 Ra7 22. Bf3 Nc5 23. Bc3 Ne5 24. Bg2 c6 25. f4 cxd5 26. fxe5 dxc4 27. Bd5 Ne6 28. Bd4 b6 29. Rxb6 dxe5 30. Bc6 Nxd4 31. exd4 Qxd4 32. Bxe8 Qxb6 33. Qxc4 Bf6 34. Bc6 Kg7 35. a4 Rc7 36. Rc1 Qf2+ 37. Kh1 Qxg3 38. Qf1 Bg5 39. Rc2 Bf4 40. Qg2 Qe3 41. Qf1 Qb3 42. Rc4 Qg3 43. Qg2 Qd3 44. Rc5 Qd1+ 0-1

[Event "Srpska Republic-chT 1st League"]
[Site "Banja Vrucica"]
[Date "2012.08.15"]
[Round "5"]
[White "Radlovacki, Jovan"]
[Black "Gavric, Miladin"]
[Result "0-1"]
[WhiteElo "2416"]
[BlackElo "2400"]
[PlyCount "104"]
[EventDate "2012.08.11"]
[EventType "team-tourn"]
[EventRounds "7"]
[EventCountry "BIH"]
[SourceTitle "CBM 149 Extra"]
[Source "ChessBase"]
[SourceDate "2012.08.24"]
[SourceVersion "1"]
[SourceVersionDate "2012.08.24"]
[SourceQuality "1"]
[WhiteTeam "Bijeljina"]
[BlackTeam "Banja Luka"]
[WhiteTeamCountry "SRB"]
[BlackTeamCountry "SRB"]

1. d4 Nf6 2. Nf3 g6 3. Bf4 Bg7 4. e3 d6 5. h3 0-0 6. Be2 c5 7. Nbd2 b6 8. 0-0 Ba6 9. Bxa6 Nxa6 10. c3 Nc7 11. Re1 Ne6 12. Bh2 Rc8 13. Qb3 Qc7 14. Rad1 Qb7 15. Nc4 cxd4 16. exd4 Nd5 17. Ne3 Nxe3 18. Rxe3 d5 19. Rde1 Rfe8 20. h4 Nf8 21. h5 e6 22. Bf4 gxh5 23. Ne5 Ng6 24. Bh2 Qe7 25. Nxg6 hxg6 26. Qxd5 Red8 27. Qb3 Qd7 28. Rf3 b5 29. Be5 a6 30. Bxg7 Kxg7 31. Re5 Qc6 32. Qa3 Qd6 33. Qa5 Qc6 34. Rc5 Qb7 35. a3 Rd5 36. Rxd5 exd5 37. Re3 Qc6 38. Re5 Qd6 39. a4 Rb8 40. axb5 Rxb5 41. Qa2 Qb6 42. Re1 Qb7 43. Re2 Rb3 44. Kf1 Qb5 45. f3 a5 46. Kf2 a4 47. Rc2 h4 48. Re2 a3 49. bxa3 Qb8 50. Qd2 Qg3+ 51. Ke3 Rxa3 52. Rf2 Qc7 0-1

[Event "Srpska Republic-chT 1st League"]
[Site "Banja Vrucica"]
[Date "2012.08.12"]
[Round "2"]
[White "Gavric, Miladin"]
[Black "Tesic, Dragan"]
[Result "1-0"]
[WhiteElo "2400"]
[BlackElo "2361"]
[PlyCount "53"]
[EventDate "2012.08.11"]
[EventType "team-tourn"]
[EventRounds "7"]
[EventCountry "BIH"]
[SourceTitle "CBM 149 Extra"]
[Source "ChessBase"]
[SourceDate "2012.08.24"]
[SourceVersion "1"]
[SourceVersionDate "2012.08.24"]
[SourceQuality "1"]
[WhiteTeam "Banja Luka"]
[BlackTeam "Brcko Jedinstvo"]
[WhiteTeamCountry "SRB"]
[BlackTeamCountry "SRB"]

1. e4 c5 2. Nf3 e6 3. d4 cxd4 4. Nxd4 Nc6 5. Nc3 a6 6. Be2 Qc7 7. 0-0 Nf6 8. Kh1 d6 9. a4 Be7 10. f4 0-0 11. Be3 Re8 12. a5 Nxa5 13. e5 dxe5 14. fxe5 Qxe5 15. Bf4 Qc5 16. Na4 Qa7 17. Bc7 b5 18. Bxa5 bxa4 19. Bf3 Nd5 20. Bxd5 exd5 21. Rxf7 Qc5 22. Qh5 Bf8 23. Rxg7+ Bxg7 24. Qxe8+ Qf8 25. Qc6 Ra7 26. Bb4 Bd7 27. Bxf8 1-0

[Event "BIH-chT 8th"]
[Site "Banja Vrucica"]
[Date "2009.06.12"]
[Round "7"]
[White "Gavric, Miladin"]
[Black "Damljanovic, Branko"]
[Result "1/2-1/2"]
[WhiteElo "2397"]
[BlackElo "2573"]
[PlyCount "71"]
[EventDate "2009.06.06"]
[EventType "team-tourn"]
[EventRounds "9"]
[EventCountry "BIH"]
[SourceTitle "EXT 2019"]
[Source "ChessBase"]
[SourceDate "2018.10.10"]
[SourceVersion "1"]
[SourceVersionDate "2018.10.10"]
[SourceQuality "1"]
[WhiteTeam "Banja Luka KSK"]
[BlackTeam "Sarajevo Bosna"]
[WhiteTeamCountry "BIH"]
[BlackTeamCountry "BIH"]

1. e4 c5 2. Nf3 d6 3. Bb5+ Nc6 4. Bxc6+ bxc6 5. 0-0 e5 6. c3 Bg4 7. d4 cxd4 8. cxd4 exd4 9. Qa4 Ne7 10. Nxd4 Bd7 11. Qc2 g6 12. Nc3 Bg7 13. Rd1 0-0 14. Bf4 d5 15. exd5 Nxd5 16. Nxd5 cxd5 17. Qd2 Re8 18. Bg5 Qb6 19. Be3 Qf6 20. Rac1 a5 21. Rc5 Bg4 22. f3 Qe7 23. Rc3 Bd7 24. Bf2 h5 25. Re3 Qb4 26. Rxe8+ Bxe8 27. b3 Rc8 28. Be3 Qxd2 29. Rxd2 a4 30. bxa4 Bxa4 31. Nb3 Bxb3 32. axb3 Rc3 33. Kf2 Rxb3 34. Rxd5 Rb2+ 35. Rd2 Rxd2+ 36. Bxd2 1/2-1/2

[Event "Banja Luka Vjestice Memorial 2nd"]
[Site "Banja Luka"]
[Date "2008.07.25"]
[Round "5"]
[White "Gavric, Miladin"]
[Black "Dujkovic, Sinisa"]
[Result "1/2-1/2"]
[WhiteElo "2390"]
[BlackElo "2401"]
[PlyCount "43"]
[EventDate "2008.07.21"]
[EventType "tourn"]
[EventRounds "9"]
[EventCountry "BIH"]
[EventCategory "4"]
[SourceTitle "CBM 125 Extra"]
[Source "ChessBase"]
[SourceDate "2008.09.01"]
[SourceVersion "1"]
[SourceVersionDate "2008.09.01"]
[SourceQuality "1"]

1. e4 c5 2. Nf3 e6 3. d4 cxd4 4. Nxd4 Nf6 5. Nc3 Nc6 6. Ndb5 d6 7. Bf4 e5 8. Bg5 a6 9. Na3 b5 10. Nd5 Be7 11. Bxf6 Bxf6 12. c4 b4 13. Nc2 Rb8 14. g3 0-0 15. b3 Be6 16. Nxf6+ Qxf6 17. Bg2 Rfd8 18. 0-0 Qe7 19. Qe2 Qa7 20. Kh1 a5 21. f4 f6 22. Bf3 1/2-1/2

[Event "Banja Luka Vjestice Memorial 2nd"]
[Site "Banja Luka"]
[Date "2008.07.21"]
[Round "1"]
[White "Popovic, Zoran"]
[Black "Gavric, Miladin"]
[Result "1/2-1/2"]
[WhiteElo "2348"]
[BlackElo "2390"]
[PlyCount "39"]
[EventDate "2008.07.21"]
[EventType "tourn"]
[EventRounds "9"]
[EventCountry "BIH"]
[EventCategory "4"]
[SourceTitle "CBM 125 Extra"]
[Source "ChessBase"]
[SourceDate "2008.09.01"]
[SourceVersion "1"]
[SourceVersionDate "2008.09.01"]
[SourceQuality "1"]

1. d4 Nf6 2. c4 g6 3. Nc3 Bg7 4. e4 0-0 5. Nf3 d6 6. Be2 e5 7. 0-0 exd4 8. Nxd4 Re8 9. f3 Nc6 10. Be3 Bd7 11. Qd2 a5 12. Ndb5 Ne5 13. Rac1 Bc6 14. Bg5 Ned7 15. Nd5 Bxd5 16. cxd5 Nc5 17. Be3 Nfd7 18. Nd4 Be5 19. Bb5 Rf8 20. Rc2 1/2-1/2

[Event "BIH-chT 7th"]
[Site "Neum"]
[Date "2008.06.08"]
[Round "5"]
[White "Gavric, Miladin"]
[Black "Batinic, Predrag"]
[Result "1/2-1/2"]
[WhiteElo "2390"]
[BlackElo "2263"]
[PlyCount "51"]
[EventDate "2008.06.04"]
[EventType "team-tourn"]
[EventRounds "9"]
[EventCountry "BIH"]
[SourceTitle "EXT 2019"]
[Source "ChessBase"]
[SourceDate "2018.10.10"]
[SourceVersion "1"]
[SourceVersionDate "2018.10.10"]
[SourceQuality "1"]
[WhiteTeam "Banja Luka KSK"]
[BlackTeam "Sokolac Glasinac"]
[WhiteTeamCountry "BIH"]
[BlackTeamCountry "BIH"]

1. e4 e6 2. d4 d5 3. Nd2 c5 4. exd5 Qxd5 5. Ngf3 cxd4 6. Bc4 Qd6 7. 0-0 Nf6 8. Nb3 Nc6 9. Nbxd4 Nxd4 10. Nxd4 a6 11. Bb3 Qc7 12. Re1 Bd6 13. h3 0-0 14. Bg5 Rd8 15. c3 Bh2+ 16. Kh1 Bf4 17. Bxf6 gxf6 18. Qh5 b6 19. Bc2 f5 20. Bd1 Bb7 21. Bf3 Bd5 22. Bxd5 Rxd5 23. Nf3 Rd3 24. Ng5 Bxg5 25. Qxg5+ Kh8 26. Qf6+ 1/2-1/2

[Event "BIH-chT 6th"]
[Site "Vogosca"]
[Date "2007.06.10"]
[Round "9"]
[White "Gavric, Miladin"]
[Black "Brenjo, Slavisa"]
[Result "0-1"]
[WhiteElo "2391"]
[BlackElo "2505"]
[PlyCount "124"]
[EventDate "2007.06.02"]
[EventType "team-tourn"]
[EventRounds "9"]
[EventCountry "BIH"]
[SourceTitle "EXT 2019"]
[Source "ChessBase"]
[SourceDate "2018.10.10"]
[SourceVersion "1"]
[SourceVersionDate "2018.10.10"]
[SourceQuality "1"]
[WhiteTeam "Banja Luka"]
[BlackTeam "Bijeljina SK Panteri"]
[WhiteTeamCountry "BIH"]
[BlackTeamCountry "BIH"]

1. e4 e5 2. Nf3 Nc6 3. Bb5 a6 4. Ba4 Nf6 5. d3 b5 6. Bb3 Bb7 7. c3 Be7 8. Nbd2 0-0 9. a4 d5 10. 0-0 dxe4 11. dxe4 Bc5 12. Bc2 Bb6 13. b4 Re8 14. Nh4 Ne7 15. Qe2 Qd7 16. Ndf3 Ng6 17. Nxg6 hxg6 18. Ng5 Qg4 19. Qxg4 Nxg4 20. Bb3 Nh6 21. Be3 bxa4 22. Rxa4 Red8 23. Bxb6 cxb6 24. f4 exf4 25. Rxf4 Rd7 26. Ra2 Rc8 27. Rf3 Re8 28. Re2 Re5 29. h4 Kf8 30. Rf4 Rde7 31. Rd2 Ke8 32. Rd6 b5 33. Rb6 f5 34. exf5 gxf5 35. Bc2 Ng4 36. Rxg4 Re1+ 37. Kh2 fxg4 38. Bg6+ Kd8 39. Bf5 Kc7 40. Rg6 R1e2 41. Kg3 Rxg2+ 42. Kf4 g3 43. Ne6+ Kb8 44. Rxg3 Rxg3 45. Kxg3 Bc8 46. Nd4 Re3+ 47. Kf4 Rxc3 48. Bxc8 Kxc8 49. Nf5 Kd7 50. Nxg7 Ke7 51. Nf5+ Kf6 52. Ne3 Kg6 53. Ke4 Kh5 54. Kd4 Rc8 55. Nd5 Rc4+ 56. Ke5 Kxh4 57. Kd6 Kg3 58. Nc7 Rxb4 59. Nxa6 Rc4 60. Kd5 Kf3 61. Nc5 Ke3 62. Nb7 Kd3 0-1

[Event "BIH-chT 6th"]
[Site "Vogosca"]
[Date "2007.06.09"]
[Round "8"]
[White "Bilic, Vladimir"]
[Black "Gavric, Miladin"]
[Result "1/2-1/2"]
[WhiteElo "2257"]
[BlackElo "2391"]
[PlyCount "67"]
[EventDate "2007.06.02"]
[EventType "team-tourn"]
[EventRounds "9"]
[EventCountry "BIH"]
[SourceTitle "EXT 2019"]
[Source "ChessBase"]
[SourceDate "2018.10.10"]
[SourceVersion "1"]
[SourceVersionDate "2018.10.10"]
[SourceQuality "1"]
[WhiteTeam "Sokolac Glasinac"]
[BlackTeam "Banja Luka"]
[WhiteTeamCountry "BIH"]
[BlackTeamCountry "BIH"]

1. e4 Nf6 2. e5 Nd5 3. d4 d6 4. Nf3 Bg4 5. Be2 c6 6. 0-0 Bxf3 7. Bxf3 dxe5 8. dxe5 e6 9. c4 Ne7 10. Qxd8+ Kxd8 11. Be4 Nd7 12. f4 Kc7 13. Nc3 Nf5 14. g4 Bc5+ 15. Kg2 Ne3+ 16. Bxe3 Bxe3 17. Rf3 Bd2 18. Rd1 Bxc3 19. Rxc3 Nc5 20. Bc2 a5 21. Re3 h5 22. g5 g6 23. Kf3 Rhd8 24. Ree1 b5 25. cxb5 cxb5 26. Ke3 Kb6 27. b3 Rac8 28. Rxd8 Rxd8 29. a3 Na6 30. Rd1 Rxd1 31. Bxd1 Kc5 32. Kd3 Nc7 33. Bf3 b4 34. a4 1/2-1/2

[Event "BIH-chT 6th"]
[Site "Vogosca"]
[Date "2007.06.07"]
[Round "6"]
[White "Sinanovic, Muhamed"]
[Black "Gavric, Miladin"]
[Result "1/2-1/2"]
[WhiteElo "2396"]
[BlackElo "2391"]
[PlyCount "71"]
[EventDate "2007.06.02"]
[EventType "team-tourn"]
[EventRounds "9"]
[EventCountry "BIH"]
[SourceTitle "EXT 2019"]
[Source "ChessBase"]
[SourceDate "2018.10.10"]
[SourceVersion "1"]
[SourceVersionDate "2018.10.10"]
[SourceQuality "1"]
[WhiteTeam "Tuzla SK Tusanj"]
[BlackTeam "Banja Luka"]
[WhiteTeamCountry "BIH"]
[BlackTeamCountry "BIH"]

1. c4 Nf6 2. Nc3 g6 3. g3 Bg7 4. Bg2 0-0 5. e4 d6 6. Nge2 c5 7. 0-0 Nc6 8. d3 Bd7 9. h3 Ne8 10. f4 Nd4 11. Nxd4 cxd4 12. Ne2 Bc6 13. f5 e6 14. Nf4 Qe7 15. Bd2 Be5 16. Qg4 Ng7 17. fxe6 fxe6 18. h4 Rae8 19. Rf2 Bd7 20. Raf1 b6 21. Bh3 Bc8 22. Ne2 Rxf2 23. Rxf2 Rf8 24. Rxf8+ Qxf8 25. Bf4 Qf6 26. Bxe5 dxe5 27. Qg5 Qxg5 28. hxg5 Ne8 29. Kf2 Nd6 30. Ng1 a5 31. Nf3 Nf7 32. b3 Kf8 33. a3 Ke7 34. b4 axb4 35. axb4 Kd6 36. Ke2 1/2-1/2

[Event "BIH-chT 6th"]
[Site "Vogosca"]
[Date "2007.06.05"]
[Round "4"]
[White "Dumpor, Atif"]
[Black "Gavric, Miladin"]
[Result "1/2-1/2"]
[WhiteElo "2401"]
[BlackElo "2391"]
[PlyCount "23"]
[EventDate "2007.06.02"]
[EventType "team-tourn"]
[EventRounds "9"]
[EventCountry "BIH"]
[SourceTitle "EXT 2019"]
[Source "ChessBase"]
[SourceDate "2018.10.10"]
[SourceVersion "1"]
[SourceVersionDate "2018.10.10"]
[SourceQuality "1"]
[WhiteTeam "Sarajevo Slavija"]
[BlackTeam "Banja Luka"]
[WhiteTeamCountry "BIH"]
[BlackTeamCountry "BIH"]

1. d4 Nf6 2. c4 g6 3. Nc3 Bg7 4. e4 d6 5. f3 0-0 6. Be3 Nc6 7. Nge2 a6 8. Qd2 Rb8 9. Nc1 e5 10. Nb3 exd4 11. Nxd4 Nxd4 12. Bxd4 1/2-1/2

[Event "BIH-chT 6th"]
[Site "Vogosca"]
[Date "2007.06.04"]
[Round "3"]
[White "Blagojevic, Dragisa"]
[Black "Gavric, Miladin"]
[Result "1/2-1/2"]
[WhiteElo "2529"]
[BlackElo "2391"]
[PlyCount "71"]
[EventDate "2007.06.02"]
[EventType "team-tourn"]
[EventRounds "9"]
[EventCountry "BIH"]
[SourceTitle "EXT 2019"]
[Source "ChessBase"]
[SourceDate "2018.10.10"]
[SourceVersion "1"]
[SourceVersionDate "2018.10.10"]
[SourceQuality "1"]
[WhiteTeam "Sarajevo Zeljeznicar"]
[BlackTeam "Banja Luka"]
[WhiteTeamCountry "BIH"]
[BlackTeamCountry "BIH"]

1. d4 Nf6 2. c4 g6 3. Nf3 Bg7 4. g3 0-0 5. Bg2 d6 6. 0-0 Nc6 7. Nc3 Bg4 8. d5 Na5 9. b3 c5 10. Bb2 a6 11. Nd2 Rb8 12. Qc2 b5 13. Rfe1 bxc4 14. bxc4 e5 15. Nd1 Bh6 16. Bc3 Bd7 17. e3 Bg7 18. f3 Ne8 19. Nf2 Qc7 20. Reb1 Nf6 21. Rb2 Rxb2 22. Qxb2 Ra8 23. Rb1 Bc8 24. Qb6 Qxb6 25. Rxb6 Nb7 26. Bh3 Bxh3 27. Nxh3 Ra7 28. Rc6 Ne8 29. Rc8 Kf8 30. f4 Ke7 31. fxe5 dxe5 32. Ne4 Kd7 33. Rc6 Ned6 34. Nhg5 h6 35. Nxd6 Nxd6 36. Nf3 1/2-1/2

[Event "MNT-chT 1st"]
[Site "Herceg Novi"]
[Date "2006.09.30"]
[Round "9"]
[White "Chadaev, Nikolay"]
[Black "Gavric, Miladin"]
[Result "1-0"]
[WhiteElo "2459"]
[BlackElo "2399"]
[PlyCount "80"]
[EventDate "2006.09.22"]
[EventType "team-tourn"]
[EventRounds "11"]
[EventCountry "MNE"]
[SourceTitle "CBM 114 Extra"]
[Source "ChessBase"]
[SourceDate "2006.11.03"]
[SourceVersion "1"]
[SourceVersionDate "2006.11.03"]
[SourceQuality "1"]

1. e4 e6 2. d4 d5 3. e5 c5 4. c3 Nc6 5. Nf3 Nge7 6. a3 c4 7. g3 Na5 8. Nbd2 Bd7 9. Bh3 Nc8 10. 0-0 Nb6 11. Ne1 h5 12. Ng2 Be7 13. Qe2 Qc7 14. f4 g6 15. Rb1 0-0-0 16. Nf3 Nb3 17. Be3 Kb8 18. Ng5 Rdf8 19. Rbe1 Qc8 20. Nh4 Qe8 21. Ng2 Na8 22. g4 hxg4 23. Bxg4 Nc7 24. h4 Qc8 25. Rf3 Ne8 26. Bf2 Ng7 27. Ne3 a5 28. Kg2 b5 29. Rh1 Qb7 30. Nf1 Nc1 31. Qd2 Nd3 32. Ng3 b4 33. axb4 axb4 34. Ne2 Kc7 35. Nc1 bxc3 36. bxc3 Nxc1 37. Rxc1 Bxg5 38. fxg5 Nf5 39. Bxf5 exf5 40. e6 Bxe6 1-0